Text book of fluid mechanics (Record no. 10484)

000 -LEADER
fixed length control field 00445nam a22001817a 4500
001 - CONTROL NUMBER
control field 10484
003 - CONTROL NUMBER IDENTIFIER
control field BD-DhUET
008 - FIXED-LENGTH DATA ELEMENTS--GENERAL INFORMATION
fixed length control field 150207b xxu||||| |||| 00| 0 eng d
040 ## - CATALOGING SOURCE
Original cataloging agency DLC
Transcribing agency DLC
Modifying agency BD-DhUET
082 ## - DEWEY DECIMAL CLASSIFICATION NUMBER
Classification number 620.1113
Item number KHU/1987
100 ## - MAIN ENTRY--PERSONAL NAME
Personal name Khurmi, R. S.
245 ## - TITLE STATEMENT
Title Text book of fluid mechanics
250 ## - EDITION STATEMENT
Edition statement 14th ed.
260 ## - PUBLICATION, DISTRIBUTION, ETC. (IMPRINT)
Place of publication, distribution, etc. New York
Name of publisher, distributor, etc. S.Chand & Company
Date of publication, distribution, etc. 1987
300 ## - PHYSICAL DESCRIPTION
Extent 639p.
650 #0 - SUBJECT ADDED ENTRY--TOPICAL TERM
Topical term or geographic name as entry element Mechanics of Fluids
942 ## - ADDED ENTRY ELEMENTS (KOHA)
Koha item type General Book
Holdings
Piece designation (barcode) Koha item type Withdrawn status Lost status Koha issues (times borrowed) Copy number Sublocation or collection (holding branch) Price effective from Koha date last borrowed Source of classification or shelving scheme Date acquired Not for loan Damaged status Koha date last seen Shelving location Koha normalized classification for sorting Koha full call number Location (home branch)
67950General Book  21Central Library, BUET2015-02-072019-10-15 2015-02-07  2021-10-03Circulation section620_111300000000000_KHU_1987620.1113/KHU/1987Central Library, BUET
67948General Book   2Central Library, BUET2015-02-07  2015-02-07  2016-12-17Circulation section620_111300000000000_KHU_1987620.1113/KHU/1987Central Library, BUET
67946General Book  13Central Library, BUET2015-04-222017-08-19 2015-04-22  2019-04-24Circulation section620_111300000000000_KHU_1987620.1113/KHU/1987Central Library, BUET